kluby Lwa Lewiaścińskiego - Statystyki

Ogólne statystyki
  • Ten quiz został rozwiązany 5 razy
  • Średni wynik to 3 z 5
Statystyki odpowiedzi
numer klub % Poprawnych
4 Real Madryt
100%
2 Ajax Amsterdam
75%
3 Inter Mediolan
75%
5 Dinamo zagrzeb
25%
1 TP Mazembe
25%
Nie znaleziono quizów pasujących do podanych kryteriów
Rozkład punktacji
Procent ludzi z każdym wynikiem
Percentyl według liczby udzielonych odpowiedzi
Twoja historia wyników
Nie rozwiązałeś tego quizu